00514 2200193 4500001002100000005001500021008004100036020002200077035001900099041000600118082001000124090001600134100001900150700001700169245003800186260004500224300003300269650001800302INLIS00000000000589620241224113204241224||||||||| | ||| |||| ||  a978-602-02-3951-4 0010-1224005896 a00 a006.4 a006.4 YUD t0 aYudha Yudhanto0 aAgus Purbayu00aToko online Dengan PHP dan My SQL aJakartabPT. Elex Media Komputindoc2014 aviii, 136 hlm.; Ilus.: 21 cm 0aIlmu Komputer